Questions-réponses sur Namur - Statistiques

Statistiques générales
  • Ce quiz a été pris 65 fois
  • Le résultat moyen est 9 sur 16
Statistiques - réponses
Questions Réponses % Correct
Fleuve né en France qui traverse Namur. La Meuse
98%
Rivière également née en France qui rejoint le fleuve à hauteur de Namur. La Sambre
88%
Région créée à la suite de querelles linguistiques en 1993 qui a choisi Namur pour capitale. La Wallonie
88%
Ville située à environ trente kilomètres de Namur dans la province de Namur en amont du fleuve où naquit l'inventeur du saxophone, Adolphe Sax. Dinant
86%
Colline fortifiée qui s'élève à Namur au confluent des deux cours d'eau. La Citadelle
81%
On trouve le souvenir de cette alliance sur le blason de Namur où figure le ___ des Flandres Lion
71%
Fruit dont les plants proviennent du Nouveau Monde, qui est cultivé dans le quartier namurois de Wépion. La fraise
66%
Ville française (Champagne-Ardenne) la plus proche de Namur, à une quarantaine de kilomètres également en amont du fleuve, située dans la "pointe" (ou "botte") du même nom (c'est-à-dire une avancée de territoire français s'enfonçant dans le territoire belge). Givet
57%
Pays qui bombarda Namur le 18 août 1944 tuant 330 civils, faisant 600 blessés graves et détruisant deux mille bâtiments. Les États-Unis d'Amérique
55%
Acteur namurois révélé par le film "C'est arrivé près de chez vous", sorti en 1992. Benoit Poelvoorde
48%
Saint martyr allemand de Mayence, mis à mort par les hérétiques ariens en 406, qui donna son nom à la cathédrale de Namur. Saint Aubain
47%
Architecte militaire et maréchal de Louis XIV qui fortifia ce site. Sébastien Le Prestre de Vauban
47%
État du Nord des États-Unis dans la région des grands lacs où se trouve une localité appelée Namur et dans lequel on retrouve une importante communauté d'origine belge. Le Wisconsin
40%
Des milices namuroises ont participé aux côtés des ouvriers flamands à cette victoire contre les troupes du Roi de France Philippe le Bel, le 11 juillet 1302. La bataille des Éperons d'or
22%
Le Père Corneille Stevens du diocèse de Namur, était le chef de file en Belgique des opposants au ______ signé entre le général Bonaparte et le Pape Pie VII, qui donna des pouvoirs exorbitants au temporel. Pour cela, il sera traqué par la milice de Fouché jusqu'à Waterloo et y a toujours échappé. Concordat
17%
Poète blasphémateur français qui ironiquement fut victime d'une attaque cérébrale en l'église Saint Loup de Namur, l'année qui précéda son décès. Charles Baudelaire
16%
Aucun quiz correspondant
Distribution des résultats
% des personnes avec chaque résultat
Percentile par nombre de réponses
Votre historique - résultats
Vous n’avez pas pris ce quiz